00686nam a2200217Ia 4500008004100000020001700041040001400058082002000072100002800092245004500120260003400165300001100199365002800210366000800238505002200246530003000268620005300298630004500351650002700396730004500423100315s9999 xx 000 0 und d a8178660679  cENGLISH  b8268 a658.4  a"Rudrabasavaraj, M.N. " aExecutive Development : India and Abroad aMUMBAI bHIMALAYA  c2001  a374   eRupees d1 b900.00  f0  gVaibhav Gaikwad  bDonated By RBI Library   a"Executive Development, Financial Management, " aExecutive Development : India and Abroad aFINANCIAL MANAGEMENT  aExecutive Development : India and Abroad